000 01068nam a22002537a 4500
005 20170124103209.0
010 _aA-771671
020 _c100.00
035 _aA-771671
037 _bCen Lib/Ret
040 _aDPL
_bHN
082 _a020
_bद्वारका
100 _aद्वारका प्रसाद शास्त्री
_995760
245 _aपुस्तकालय विज्ञान /
_cद्वारका प्रसाद शास्त्री
246 _aPustkaly vigyan
_bby Dwarka Prasad Shashtri
260 _aइलाहाबाद
_bसाहित्य भवन
_c1996
270 _aजीरो रोड
_bइलाहाबाद
300 _a271पृष्ठ.
_c20सेमी(सजिल्द)
650 _aपुस्तकालय विज्ञान
_995761
650 _aपुस्तकालय का महत्व
_94432
650 _alibrary Science
_995762
650 _aImportance of library
_995763
942 _2ddc
_cHN
_h020
_mद्वारका
999 _c121224
_d121224